00541cam a22001812 4500001001100000005001700011008004100028020001700069040001500086245007500101250001200176260004800188300001600236650002800252650004500280700003100325852000300356000002061920151217152218.0110928s xx 000 0 eng d a1405196536 : aKABUcKABU10aGlacier science and environmental change /cedited by Peter G. Knight. a1st ed. aChichester, UK :bWiley - Blackwell,c2009. axiv, 527 p. 0aGlaciology.@0000181042 0aGlobal environmental change.@00001497411 aKnight, Peter.@00001798151